00830 2200181 4500001002100000005001500021035002000036245005600056100000800112250001000120300003400130260004100164082000800205084001400213020002200227650001400249520038500263INLIS00000000000015320210226093541 a0010-02210001261 aUntung Berlipat Dari Berkebun PISANG /cTri Susanto0 atri acet.1 a100hal. :bilus. ;c14x20.5cm aJawa Barat :bAkar Publishing,c2018 a634 a634 TRI u a978-602-6348-60-9 4aPertanian aPisang merupakan tanaman dengan sejuta manfaat. Tak hanya buahnya saja, bagian lain seperti akar, batang, daun dan bonggol dinilai memiliki kandungan nutrisi yang penting bagi tubuh manusia. Pisang kini menjadi salah satu buah favorit,karena selain bermanfaat sebagai sumber bahan pangan juga mulai diberdayakan sebagai tanaman herbal yang mampu mengobati berbagai macam penyakit.